00912nam a2200229 a 450000100060000000300080000600500170001400800410003103500200007204000320009204100080012408200270013210000240015924501300018326000550031330000290036850001010039750400310049865000250052965100420055471000860059641704BD-RjUL20211209053433.0160605s1969 caub b 001 0 eng d a(BD-RjUL) 41822 aDLCcDLCdEQOdBD-RjULbeng aeng a320.9548223bIRP 19691 aIrschick, Eugene F.10aPolitics and social conflict in South India :bthe non-Brahman movement and Tamil separatism, 1916-1929 /cEugene F. Irschick aBerkeley :bUniversity of California Press,cc1969 a414 p. :bill. ;c24 cm. aSponsored by the Center for South and Southeast Asia Studies, University of California, Berkeley aBibliography: p. [381]-401 0aTamil (Indic people) 0aIndia, SouthxPolitics and government2 aUniversity of California, Berkeley.bCenter for South and Southeast Asia Studies.